01001cam a22002773a 450000100060000000300060000600500170001200800410002904000150007004200070008505000070009210000350009924501380013426000290027250600300030151600200033165300270035165300390037865300760041770000300049370000290052370000440055274000560059683000290065285600420068127610PGUSA20140828083610.0081225s2008||||xxu|||||s|||||000 | eng d aPGUSAbeng adc 4aQC1 aFranklin, Benjamin,d1706-179010aExpériences et observations sur l'électricité faites à Philadelphie en Amériqueh[electronic resource] /cBenjamin Franklin bProject Gutenberg,c2008 aPublic domain in the USA. aElectronic text aElectricity -- History aElectricity -- Early works to 1850 aNollet, abbé (Jean Antoine), 1700-1770. Lettres sur l'électricité1 aColden, David,d1733-17841 aCanton, John,d1718-17721 aDalibard, Thomas François,d1703-17990 aExperiments and observations on electricity. French 0aProject Gutenbergv2761040uhttp://www.gutenberg.org/ebooks/27610